Histoire de la Grèce Antique - Difficile 🏛️ - Statistiques

Statistiques générales
  • Ce quiz a Ă©tĂ© pris 961 fois
  • Le rĂ©sultat moyen est 8 sur 10
Statistiques - réponses
Question Réponse % Correct
Quelle était la principale divinité du panthéon grec, souvent représentée comme le roi des dieux de l'Olympe ? Zeus
98%
Quel roi spartiate est connu pour son courage et son sacrifice à la bataille des Thermopyles contre l'armée perse ? Léonidas Ier
95%
Quelle célèbre œuvre d'architecture de la Grèce antique est caractérisée par ses colonnes doriques et sa frise sculptée ? Le Parthénon
86%
Quelle école de philosophie grecque, fondée par Épicure, prônait le bonheur et la recherche du plaisir comme objectif de la vie ? L'épicurisme
84%
Quel philosophe grec est connu pour ses dialogues philosophiques, dont "Le Banquet" et "La République" ? Platon
80%
Quelle était la cité grecque qui dominait la ligue de Délos, une alliance militaire après les guerres médiques ? Athènes
77%
Quel célèbre dramaturge grec est l'auteur des pièces de théâtre "Antigone" et "Œdipe roi" ? Sophocle
76%
Quelle célèbre bataille navale opposa la flotte grecque à la flotte perse en 480 av. J.-C., marquant la fin de la deuxième invasion perse en Grèce ? La bataille de Salamine
71%
Quel roi de Macédoine a unifié les cités grecques et a lancé une campagne de conquête en Asie, créant ainsi l'Empire macédonien ? Philippe II
66%
Quel célèbre mathématicien grec a estimé la valeur de pi (π) pour la première fois, et a découvert la spirale éponyme qui porte son nom ? Archimède
22%
Aucun quiz correspondant
Distribution des résultats
% des personnes avec chaque résultat
Percentile par nombre de réponses
Votre historique - résultats
Vous n’avez pas pris ce quiz